Disney mal résumé #3 - Statistiques

Statistiques générales
  • Ce quiz a été pris 274 fois
  • Le résultat moyen est 3 sur 15
Statistiques - réponses
Hint Réponse % Correct
C'est l'histoire d'une fille qui a vraiment des délires chelous, à base de jumeaux, de danse tournoyante, d'huitre et de sourire flippant Alice au pays des merveilles
65%
C'est Superman mais qui peut pas voler, ni tirer de rayon laser, ni de glace… Oui en fait il est juste fort Hercule
56%
Techniquement, on a un homme qui kidnappe un enfant, mais il a apprécié de s'envoyer en l'air La-Haut
47%
C'est la grande migration de l'ancêtre des pigeons Dinosaure
26%
C'est l'histoire d'un héros jaloux qui va entrer dans une maison des horreurs avec son meilleur ennemi Toy Story
26%
C'est l'histoire d'un come-back médiatique mais aussi d'une torture de raton-laveur Les Indestructibles 2
13%
C'est l'histoire d'une héroïne qui se fout à poil pour gagner plein d'argent Alerte Rouge
12%
C'est un film sur les responsabilités, avec une grande roue, un éléphant, un boulanger et des pruneaux Cendrillon 2 : Une vie de princesse
12%
C'est comme Creed, mais avec un nom de super-héros Cars 3
9%
C'est l'histoire d'un cricket, d'un ours et d'une harpe, mais qui se rencontrent jamais Coquin de Printemps
9%
C'est un gars qui aide un autre gars à aider une fille. Ensemble ils vont aider un autre gars kidnappé par un dernier gars qui n'aime pas ce qu'il est Basil, détective privé
8%
C'est l'histoire de deux potes qui viennent voir un autre pote pour son anniversaire et font un trip sous acides Les trois Caballeros
6%
C'est l'histoire d'un mec qui doit avoir un diplôme pour faire le métier qu'il exercait déjà avant d'aller à l'école Kuzco, un empereur à l'école
3%
C'est l'histoire d'un héros qui veut retrouver sa très très très grande famille grâce à sa meilleure amie Lilo et Stitch, la série
2%
C'est l'histoire d'une très petite entreprise d'aide à la personne. Dans ses membres, on trouve notamment un addict Tic et Tac, les Rangers du Risque
2%
Aucun quiz correspondant
Distribution des résultats
% des personnes avec chaque résultat
Percentile par nombre de réponses
Votre historique - résultats
Vous n’avez pas pris ce quiz